| 000 | 00957 a2200205 4500 | ||
|---|---|---|---|
| 001 | 25589 | ||
| 005 | 20260407155539.0 | ||
| 008 | 260407a2012 arg spa d | ||
| 003 | AR-UNSa-BCEJYS | ||
| 040 |
_aAR-UNSa-BCEJYS _bspa _cAR-UNSa-BCEJYS |
||
| 080 |
_a347.736 _xQuiebra. Insolvencia. Suspensión de pagos. Bancarrota, procedimientos. Derecho Concursal |
||
| 245 | 1 | 0 | _aLa ley de concursos y quiebras y su interpretación en la jurisprudencia |
| 264 | 1 |
_aBuenos Aires : _bRubinzal-Culzoni Editores _c2012 |
|
| 300 |
_a2v. (653 - 620 p.) _c22 cm. |
||
| 505 | _aTomo I : Arts. 1º a 101 - Tomo II : Arts. 102 a 297 ISBN: Tomo I: 978-987-30-0332-5 Tomo II: 978-987-30-0333-2 | ||
| 942 | _cBK | ||
| 590 | _aniveau_biblio:m niveau_hierar:0 | ||
| 100 | 1 | _aVítolo, Daniel Roque | |
| 856 | 4 | 1 |
_uhttps://biblioeco.unsa.edu.ar/pmb/images/libros/La Ley de Concursos y Quiebras y su Interpretaci?n en la Jurisprudencia (2012).jpg _yImagen de portada _qimage/jpeg |
| 999 |
_c1403 _d1403 |
||